000 00696nam a2200229Ia 4500
003 OSt
005 20220926012137.0
006 a|||||r|||| 00| 0
007 ta
008 220923b |||||||| |||| 00| 0 eng d
037 _cGeneral Book
040 _aRTL
_cRTL
_beng
041 _2eng
_aeng
082 _aX:89K33.73.N8, M8
100 _aSMITH Michael Peter
_9277716
245 0 _aCity, state, and market
_b The political economy of
260 _aNew York
_bBasil Blackwell USA
_c1988
300 _ax, 252p. Bibliography P 226-42
_ccm.
650 _aRegional Economics
942 _hX:89K33.73.N8, M8
_cGB
_2CC
999 _c621859
_d621859